000 00648cam a22002293a 4500
001 18043
003 PGUSA
005 20140828083402.0
008 060323s2006||||xxu|||||s|||||000 | eng d
040 _aPGUSA
_beng
042 _adc
050 4 _aPT
100 1 _aStrömberg, Sigge,
_d1885-1920
245 1 0 _aGöteborgsflickor :
_boch andra historier
_h[electronic resource] /
_cSigge Strömberg
260 _bProject Gutenberg,
_c2006
506 _aPublic domain in the USA.
516 _aElectronic text
653 _aHumorous stories
830 0 _aProject Gutenberg
_v18043
856 4 0 _uhttp://www.gutenberg.org/ebooks/18043
942 _cEB
999 _c247298
_d247298